| 000 | 00372nam a2200097Ia 4500 | ||
|---|---|---|---|
| 005 | 20250424112852.0 | ||
| 008 | 250424s9999 xx 000 0 und d | ||
| 300 | _aviii. , 134 p. ; 23 cm. | ||
| 650 | _aHuman rights--Nigeria--Periodicals. Quality of life--Nigeria--Periodicals. Nigeria--Economic conditions--Periodicals. Nigeria--Social conditions--Periodicals. | ||
| 942 | _cSR | ||
| 999 |
_c37604 _d37604 |
||